Normal view
MARC view
- Ziemer, R E
Entry Personal Name
001 - CONTROL NUMBER
- control field: 6817
003 - CONTROL NUMBER IDENTIFIER
- control field: OSt
005 - DATE AND TIME OF LATEST TRANSACTION
- control field: 20250106152257.0
008 - FIXED-LENGTH DATA ELEMENTS
- fixed length control field: 250106|| aca||aabn | a|a d
040 ## - CATALOGING SOURCE
- Original cataloging agency: OSt
- Transcribing agency: OSt
100 ## - HEADING--PERSONAL NAME
- Personal name: Ziemer, R E
670 ## - SOURCE DATA FOUND
- Source citation: Work cat.: (OSt)9323: Ziemer, R E ., Principles of communications / , 2001.
